| 000 | 00464nam a2200157Ia 4500 | ||
|---|---|---|---|
| 008 | 230714s9999 xx 000 0 und d | ||
| 041 | _aeng | ||
| 082 |
_a378.112 _bLAL |
||
| 100 | _aLal | ||
| 245 |
_aUGC Net/Jrf/Set Teaching And Research Aptitude: _bGeneral Paper-1 |
||
| 260 |
_c2010 _bUpkar Prakashan |
||
| 300 | _a387 | ||
| 365 |
_cRs. _b235.00 |
||
| 700 |
_aLal; Jain & Vashistha K.C. _9191201 |
||
| 906 |
_dO:0063126-Feb-2010B:291806-Feb-2010 _cGENRL _b352.5 |
||
| 999 |
_c199949 _d199949 |
||